Statistiques concernant Douleurs def

Cliquez ici pour prendre le quiz!

Statistiques générales

  • Ce quiz a été pris 6 fois
  • Le résultat moyen est 3 sur 10

Statistiques - réponses

HintRéponse% Correct
douleur dans le territoire d'un ou plusieurs nerfsNévralgie
80%
absence de douleur lors d'une stimulation nociceptiveAnalgésie
60%
douleur ressentie dans un territoire anesthésié (chimique), perte de
sensibilité mais avec une douleur.
Anesthésie douloureuse
40%
: fourmillements, sensation anormale et désagréable à un endroit du
corps sans stimulation douloureuse, nociceptive (douleur neurogène).
Dysesthésie ou paresthésie
40%
sensation exagérée a une stimulation nociceptive (difficile de dire si c'est
nociceptif ou neurogène, très liée au patient).
Hyperalgésie
40%
seule douleur visible, brûlure, troubles vasomoteurs et tropique (perturbation de la
commande de dilatation des vaisseaux par une atteinte neurologique → main rouge, chaude
avec des crevasses) et trophiques (dépilation à l’endroit douloureux, peau craquelée), résultat
d’une lésion d’un nerf périphérique. On voit l’endroit qui fait mal.
Causalgie
20%
diminution de la sensibilité lors d'une stimulation. Peut etre induite par des
Médicaments ou défaillance d’un nerf.
Hypoesthésie
20%
douleur résultant d'une stimulation non nociceptiveAllodynie
0%
syndrome douloureux avec réponse excessive, retardée, liée à une stimulation
répétée.
Hyperpathie
0%
récepteur répondant préférentiellement à une stimulation nociceptive, répartie de
manière inégale (important). Récepteur douleurs.
Nocicepteur
0%

Distribution des résultats

Percentile par nombre de réponses

% des personnes avec chaque résultat

Votre développement - résultats

Vous n’avez pas pris ce quiz